000 00740nam a2200289Ia 4500
005 20260324112310.0
008 008 260324s9999 xx 000 0 eng d
020 _a9781003335870
037 _aEBOOK
040 _aCRL
040 _beng
040 _cCRL
041 _2eng
041 _aeng
084 _qCRL
100 _aMichela Bariselli; Davide Crosara; Antonio Gambacorta; Mario Martino
_91142113
245 0 _aSamuel Beckett’s Italian Modernisms
245 0 _bTradition, Texts, Performance
260 _bTaylor and Francis
260 _c2024
365 _a
365 _b220
856 _uhttp://www.taylorfrancis.com/books/9781003335870
942 _cEBOOK
999 _c1731266
_d1731266